|
|
แสดงรายละเอียดบรรณานุกรม |
|
|
Brief Record
: Get Marc (ISO 2709)
: E-mail record
: |
|
|
|
| LEADER 00000nam 2200000uu 4500 | |||
| 001 206050 | |||
| 003 ULIBM | |||
| 008 110531s2553||||th 000 0 tha d | |||
| 020 ^a978-974-672-522-4 | |||
| 060 0 WM 420 ท446จ 2553. | |||
| 100 0 ^aทินกร วงศ์ปการันย์. | |||
| 245 00 ^aจิตบำบัด : ทฤษฎีและเทคนิค = Psychotherapy : Theories and techniques./^bทินกร วงศ์ปการันย์. | |||
| 250 ^aพิมพ์ครั้งที่ 2 | |||
| 260 ^aเชียงใหม่ : ^bภาควิชาจิตเวชศาสตร์ คณะแพทยศาสตร์ มหาวิทยาลัยเชียงใหม่,^c2553. | |||
| 300 ^aจำนวน 368 หน้า. | |||
| 650 0 ^aจิตบำบัด. | |||
| 650 0 ^aจิตเวช. | |||
| 999 ^aใช้งานได้ทุกระบบ | |||
| คุณยังไม่ได้ล็อกอิน คุณสามารถมีกิจกรรมร่วมกับเว็บไซต์ได้ แต่ต้องล็อกอินก่อน :: |
|
| สถานะ | |||||||||
| 1. | หนังสือทั่วไป | WM 420 ท446จ 2553 | On Shelf ขอยืม | ||||||
| 2. | หนังสือทั่วไป | WM 420 ท446จ 2553 ฉ.4 | On Shelf ขอยืม | ||||||
| 3. | หนังสือทั่วไป สถานะ=หนังสือเก่า - บริการ ณ ห้องสมุด (ห้องเหลือง) | WM 420 ท446จ 2553 ฉ.16 | On Shelf ขอยืม | ||||||
| [แสดง 3/3 รายการ] | |||||||||
BibComment |
| คอมเมนท์ทรัพยากรรายการนี้ |
|
|